000 00812nam a2200229 a 4500
001 49301
003 BD-RjUL
005 20211209054648.0
008 160820s1985 bg ||||| |||| 00| 0 ben d
020 _c: Tk. 55.00
035 _a(BD-RjUL)49420
040 _aBD-RjUL
_bben
_cBD-RjUL
041 _aben
082 _223
_a891.4408
_bCHB 1985
100 1 _aচৌধুরী, সিরাজুল ইসলাম
_9148097
245 1 0 _aবেকনের মৌমাছিরা
260 _aঢাকা :
_bদি ইউনিভার্সিটি প্রেস লি.,
_c১৯৮৫
300 _a১৪৬ পৃ. ;
_c২০ সেমি.
650 _aবাংলা সাহিত্য
_vসংগ্রহ
_9122719
650 _aBengali Literature
_vCollection
_9122720
942 _2ddc
_cBK
999 _c49301
_d49301